[Event "I Weekend"]
[Site "Novara ITA"]
[Date "1996.12.??"]
[Round "2"]
[White "Pax, Horst"]
[Black "Pagnoncelli, Marco"]
[Result "1-0"]
[WhiteElo "2180"]
[BlackElo "2105"]
[PlyCount "57"]
[EventDate "1996.12.27"]

1. e4 c5 2. Nf3 d6 3. d4 cxd4 4. Nxd4 Nf6 5. Nc3 g6 6. Be3 Bg7 7. f3 Nc6 8. Qd2
O-O 9. g4 d5 10. g5 Nh5 11. exd5 Nb4 12. Bc4 Bxd4 13. Bxd4 Bf5 14. Bb3 a5 15.
a4 Qc7 16. O-O-O Rfd8 17. Qe3 Nxd5 18. Nxd5 Rxd5 19. Bb6 Rxd1+ 20. Rxd1 Qf4 21.
Bd5 Qxa4 22. b3 Qa2 23. Be4 Qa3+ 24. Kb1 a4 25. Bc5 axb3 26. Bxa3 Rxa3 27. Rd8+
Kg7 28. Qd4+ f6 29. Bxf5 1-0

[Event "I Weekend"]
[Site "Novara ITA"]
[Date "1996.12.??"]
[Round "2"]
[White "Temi, Walter"]
[Black "Scotti, Umberto"]
[Result "1/2-1/2"]
[WhiteElo "2095"]
[BlackElo "2155"]
[PlyCount "43"]
[EventDate "1996.12.27"]

1. e4 e6 2. d4 d5 3. e5 c5 4. c3 Nc6 5. Nf3 Bd7 6. a3 cxd4 7. cxd4 Nge7 8. Bd3
Qb6 9. Bc2 Rc8 10. Nc3 Na5 11. h4 Nc4 12. Rb1 Qc7 13. Bd2 b5 14. Rh3 a5 15. Bd3
Qb6 16. Rg3 Nxd2 17. Kxd2 g6 18. Ne2 b4 19. a4 Rc7 20. Ke1 Bc8 21. Bb5+ Bd7 22.
Bd3 1/2-1/2

[Event "I Weekend"]
[Site "Novara ITA"]
[Date "1996.12.??"]
[Round "3"]
[White "Pagnoncelli, Marco"]
[Black "Temi, Walter"]
[Result "0-1"]
[WhiteElo "2105"]
[BlackElo "2095"]
[PlyCount "90"]
[EventDate "1996.12.27"]

1. e4 b6 2. g3 Bb7 3. Bg2 e6 4. Ne2 Nf6 5. Nbc3 d5 6. e5 Nfd7 7. f4 g6 8. O-O
c5 9. d3 Nc6 10. Bd2 a6 11. a3 b5 12. Na2 Nb6 13. b4 Qd7 14. Be3 d4 15. Bf2 Nd5
16. c4 Ne3 17. Bxe3 dxe3 18. Rb1 Nd4 19. Bxb7 Qxb7 20. Nxd4 cxd4 21. Qc2 Bh6
22. Nc1 O-O 23. c5 Rac8 24. Qg2 Qc7 25. Nb3 Rfd8 26. Qe4 Rd5 27. Rbc1 Kh8 28.
h4 Bf8 29. Kg2 Be7 30. Rfd1 Qd7 31. Rc2 Bd8 32. Rdc1 Rc6 33. Kf1 Kg7 34. Ke2 h5
35. Rg1 f5 36. exf6+ Bxf6 37. g4 hxg4 38. Rxg4 Rf5 39. h5 g5 40. Ke1 Kh6 41.
fxg5+ Bxg5 42. Rcg2 e5 43. Na5 Rcf6 44. Qa8 Rf1+ 45. Ke2 Qxg4+ 0-1

[Event "I Weekend"]
[Site "Novara ITA"]
[Date "1996.12.??"]
[Round "3"]
[White "Pax, Horst"]
[Black "Barlocco, Carlo"]
[Result "0-1"]
[WhiteElo "2180"]
[BlackElo "2195"]
[PlyCount "126"]
[EventDate "1996.12.27"]

1. e4 c5 2. Nf3 e6 3. d4 cxd4 4. Nxd4 Nf6 5. Nc3 Nc6 6. Ndb5 Bc5 7. Bf4 O-O 8.
Bd6 b6 9. Bxf8 Qxf8 10. Nc7 Rb8 11. Na6 Bxa6 12. Bxa6 Bb4 13. Bd3 d5 14. exd5
Nxd5 15. O-O Nxc3 16. bxc3 Bxc3 17. Rb1 Bf6 18. Qe2 Nd4 19. Qe4 g6 20. Rfd1 Kg7
21. Bf1 Qc5 22. c3 Qxc3 23. Rbc1 Qa3 24. Rc7 Qa4 25. Rd3 a5 26. Rh3 Qb4 27. Qe3
h5 28. Rd7 Rc8 29. a3 Qa4 30. Rb7 Qc6 31. Ra7 Rc7 32. Rxc7 Qxc7 33. Qe4 b5 34.
Rd3 Qc5 35. g4 hxg4 36. Qxg4 b4 37. axb4 axb4 38. Rh3 b3 39. Qf4 Qg5+ 40. Qxg5
Bxg5 41. Bd3 f5 42. Bb1 e5 43. Kf1 e4 44. Rc3 Kf6 45. Kg2 Bd2 46. Rc5 Ke6 47.
h4 Bf4 48. Rc3 Kd5 49. Rh3 Be5 50. Re3 Kc4 51. Ba2 bxa2 52. Ra3 Nf3 53. Rxa2
Nxh4+ 54. Kh3 Nf3 55. Kg2 Ne1+ 56. Kf1 Nd3 57. Ra6 Nf4 58. Ra8 Kd5 59. Re8 Bd4
60. Rd8+ Ke5 61. Rg8 Nd3 62. f3 e3 63. Rxg6 e2+ 0-1

[Event "I Weekend"]
[Site "Novara ITA"]
[Date "1996.12.??"]
[Round "3"]
[White "Scotti, Umberto"]
[Black "Moncelli, Giorgio"]
[Result "1/2-1/2"]
[WhiteElo "2155"]
[BlackElo "2145"]
[PlyCount "60"]
[EventDate "1996.12.27"]

1. e4 c6 2. d4 d5 3. Nc3 dxe4 4. Nxe4 Nd7 5. Bc4 Ngf6 6. Ng5 e6 7. N1f3 h6 8.
Nh3 Bd6 9. Qe2 O-O 10. O-O Qc7 11. Re1 c5 12. c3 a6 13. Ne5 b5 14. Bd3 Bb7 15.
Nf4 Rad8 16. Bd2 Qb6 17. Nh5 Bxe5 18. dxe5 Qc6 19. Nxf6+ Nxf6 20. f3 Nd7 21.
Rad1 Qb6 22. Bc2 c4+ 23. Be3 Qc7 24. Bf4 Nc5 25. Qe3 Nd3 26. Bxd3 Rxd3 27. Rxd3
cxd3 28. Qxd3 Rd8 29. Qe2 Bd5 30. Rd1 Bxa2 1/2-1/2

[Event "I Weekend"]
[Site "Novara ITA"]
[Date "1996.12.??"]
[Round "4"]
[White "Barlocco, Carlo"]
[Black "Moncelli, Giorgio"]
[Result "1/2-1/2"]
[WhiteElo "2195"]
[BlackElo "2145"]
[PlyCount "114"]
[EventDate "1996.12.27"]

1. d4 d5 2. Nf3 Nf6 3. Bf4 g6 4. e3 Bg7 5. c4 O-O 6. Nc3 c5 7. Qb3 cxd4 8. Nxd4
Nbd7 9. cxd5 Nc5 10. Qa3 Nxd5 11. Qxc5 Nxf4 12. O-O-O Bxd4 13. Qxd4 Qxd4 14.
Rxd4 Ne6 15. Rd2 Nc5 16. b4 Na6 17. a3 Be6 18. Be2 Rac8 19. Kb2 Nb8 20. Bf3 Nc6
21. Bxc6 Rxc6 22. Rhd1 Rfc8 23. Nb5 Bf5 24. Nd4 R6c7 25. Nxf5 gxf5 26. Rd8+
Rxd8 27. Rxd8+ Kg7 28. Ra8 a6 29. Rd8 Kf6 30. Rd4 e6 31. g3 Kg6 32. e4 fxe4 33.
Rxe4 Rd7 34. Kc2 Kf5 35. Rf4+ Ke5 36. Rh4 f5 37. Kc3 b5 38. Rh6 Rc7+ 39. Kb3
Re7 40. a4 Ke4 41. axb5 axb5 42. f4 Kd3 43. Rf6 Kd2 44. Rf8 Rd7 45. Rb8 Rd5 46.
Rb6 e5 47. fxe5 Rxe5 48. Rd6+ Ke2 49. Kc3 Ke3 50. Rd1 Ke2 51. Rd7 h5 52. Rh7
Rd5 53. Re7+ Kf3 54. Re8 Kg2 55. Re2+ Kf3 56. Ra2 f4 57. gxf4 Kxf4 1/2-1/2

[Event "I Weekend"]
[Site "Novara ITA"]
[Date "1996.12.??"]
[Round "4"]
[White "Pagnoncelli, Marco"]
[Black "Becher, Helmut"]
[Result "1-0"]
[WhiteElo "2105"]
[BlackElo "2295"]
[PlyCount "104"]
[EventDate "1996.12.27"]

1. e4 c5 2. Nf3 d6 3. d4 cxd4 4. Nxd4 Nf6 5. Nc3 e6 6. Be2 Be7 7. O-O Bd7 8.
Be3 O-O 9. f4 Nc6 10. Nb3 a6 11. a4 b6 12. Qe1 Nb4 13. Rc1 d5 14. e5 Ne4 15.
Nxe4 dxe4 16. Qf2 Nd5 17. a5 bxa5 18. Bc5 a4 19. Bxe7 Qxe7 20. Nd4 Qb4 21. c4
Ne7 22. Qe3 Qb7 23. g4 Rfd8 24. f5 exf5 25. gxf5 Qa7 26. c5 Nc6 27. Nxc6 Bxc6
28. Qg5 Kh8 29. Rf4 Qd7 30. f6 Rg8 31. Rg4 g6 32. Qh6 Qd4+ 33. Kf1 Qxe5 34. Bc4
Qxf6+ 35. Rf4 Qg7 36. Qg5 Rgf8 37. h4 Qxb2 38. Rf2 Qg7 39. Rf6 Bb5 40. Ke1 Bxc4
41. Rxc4 h6 42. Qe5 Rfe8 43. Qf4 Kg8 44. Rxa4 a5 45. Ra2 e3 46. Rg2 h5 47. Qd6
Kh7 48. Rb2 Rad8 49. Qf4 Rd7 50. c6 Rc7 51. Rb7 Ree7 52. Rb8 Qh6 1-0

[Event "I Weekend"]
[Site "Novara ITA"]
[Date "1996.12.??"]
[Round "4"]
[White "Scotti, Umberto"]
[Black "Pax, Horst"]
[Result "1-0"]
[WhiteElo "2155"]
[BlackElo "2180"]
[PlyCount "63"]
[EventDate "1996.12.27"]

1. e4 c5 2. c3 Nf6 3. e5 Nd5 4. d4 cxd4 5. Nf3 e6 6. cxd4 b6 7. Nc3 Nxc3 8.
bxc3 Qc7 9. Bd2 Bb7 10. Bd3 d6 11. O-O Nd7 12. Re1 dxe5 13. Nxe5 Nxe5 14. Rxe5
Bd6 15. Rh5 g6 16. Bb5+ Bc6 17. Qf3 O-O-O 18. Bxc6 gxh5 19. a4 a6 20. c4 Be5
21. a5 Bxd4 22. axb6 Qxb6 23. Ba5 Qc5 24. Rb1 Qxa5 25. Qxf7 Qc7 26. Qxe6+ Rd7
27. Rb7 Rhd8 28. Rxc7+ Kxc7 29. Bxd7 Rxd7 30. Qxa6 Bb6 31. Kf1 Rd2 32. c5 1-0

[Event "I Weekend"]
[Site "Novara ITA"]
[Date "1996.12.??"]
[Round "4"]
[White "Temi, Walter"]
[Black "Berra, Davide"]
[Result "1/2-1/2"]
[WhiteElo "2095"]
[BlackElo "1986"]
[PlyCount "63"]
[EventDate "1996.12.27"]

1. e4 e6 2. d4 d5 3. e5 c5 4. c3 Nc6 5. Nf3 Qb6 6. Bd3 cxd4 7. cxd4 Bd7 8. O-O
Nb4 9. Be2 Bb5 10. Bxb5+ Qxb5 11. Nc3 Qd7 12. a3 Nc6 13. Qd3 Nge7 14. b4 Ng6
15. Bd2 a6 16. Ne2 Be7 17. Rac1 O-O 18. h4 Bxh4 19. g3 Be7 20. Kg2 f6 21. Rh1
f5 22. Rh2 Rfc8 23. Rch1 Nf8 24. Nf4 a5 25. b5 Nd8 26. g4 fxg4 27. Rxh7 gxf3+
28. Kxf3 Nf7 29. Rxg7+ Kxg7 30. Nh5+ Kg8 31. Rg1+ Kh8 32. Ke2 1/2-1/2

[Event "I Weekend"]
[Site "Novara ITA"]
[Date "1996.12.??"]
[Round "5"]
[White "Berra, Davide"]
[Black "Scotti, Umberto"]
[Result "1/2-1/2"]
[WhiteElo "1986"]
[BlackElo "2155"]
[PlyCount "57"]
[EventDate "1996.12.27"]

1. d4 d5 2. Nf3 Nc6 3. Bf4 Bf5 4. c3 Nf6 5. e3 e6 6. Bb5 Bd6 7. Nbd2 O-O 8. Ne5
Bxe5 9. Bxe5 Nxe5 10. dxe5 Ng4 11. Nf3 c6 12. Bd3 Bxd3 13. Qxd3 f6 14. exf6
Qxf6 15. Qe2 e5 16. h3 Nxf2 17. Qxf2 e4 18. O-O exf3 19. Qxf3 Qg5 20. Qe2 Rfe8
21. Rae1 Re6 22. Qf3 Rf6 23. Qe2 Rxf1+ 24. Qxf1 Re8 25. Qf3 Rf8 26. Qe2 Re8 27.
Qf3 Rf8 28. Qe2 Qg3 29. Rf1 1/2-1/2

[Event "I Weekend"]
[Site "Novara ITA"]
[Date "1996.12.??"]
[Round "5"]
[White "Temi, Walter"]
[Black "Barlocco, Carlo"]
[Result "1/2-1/2"]
[WhiteElo "2095"]
[BlackElo "2195"]
[PlyCount "93"]
[EventDate "1996.12.27"]

1. e4 c5 2. Nf3 Nc6 3. Bc4 Nf6 4. Qe2 d5 5. exd5 Nxd5 6. Nc3 Nb6 7. Bb5 Bd7 8.
O-O e6 9. Bxc6 Bxc6 10. Ne5 Rc8 11. Re1 Bd6 12. Nxc6 Rxc6 13. Qh5 O-O 14. d3 c4
15. d4 Be7 16. Be3 Bf6 17. Rad1 Rd6 18. Qg4 Nd5 19. Nxd5 Rxd5 20. c3 Qd7 21. f4
b5 22. a3 a5 23. Bf2 Qe7 24. Qe2 Qc7 25. Bg3 Qb6 26. Qf2 b4 27. axb4 axb4 28.
Bh4 Bxh4 29. Qxh4 bxc3 30. bxc3 Ra8 31. Rb1 Rb5 32. Rxb5 Qxb5 33. h3 h6 34. Qg4
Qb2 35. Qf3 Ra3 36. Re3 Ra1+ 37. Kh2 Rc1 38. f5 Qb8+ 39. Qg3 Qxg3+ 40. Kxg3
exf5 41. Kf4 Rc2 42. g3 g6 43. Ke5 Rd2 44. Kf6 Rd3 45. Re8+ Kh7 46. Kxf7 Rxg3
47. Kf6 1/2-1/2

[Event "I Weekend"]
[Site "Novara ITA"]
[Date "1996.12.??"]
[Round "6"]
[White "Barlocco, Carlo"]
[Black "Scotti, Umberto"]
[Result "1/2-1/2"]
[WhiteElo "2195"]
[BlackElo "2155"]
[PlyCount "69"]
[EventDate "1996.12.27"]

1. d4 d5 2. c4 c6 3. Nc3 Nf6 4. Nf3 e6 5. e3 Nbd7 6. Qc2 Bd6 7. Be2 O-O 8. O-O
Qe7 9. Rd1 Re8 10. b3 dxc4 11. bxc4 e5 12. d5 e4 13. Nd4 Nc5 14. dxc6 bxc6 15.
Ba3 Ng4 16. h3 Nxf2 17. Kxf2 Nd3+ 18. Bxd3 exd3 19. Qxd3 Bxa3 20. Re1 Bd6 21.
e4 Bc5 22. Kf1 Ba6 23. Na4 Rad8 24. Nxc5 Qxc5 25. Nb3 Qxc4 26. Qxc4 Bxc4+ 27.
Kf2 Bxb3 28. axb3 Rd2+ 29. Kf3 Re7 30. Red1 Rxd1 31. Rxd1 f6 32. Rd8+ Kf7 33.
Rc8 Rb7 34. Rxc6 Rxb3+ 35. Kf4 1/2-1/2

[Event "I Weekend"]
[Site "Novara ITA"]
[Date "1996.12.??"]
[Round "6"]
[White "Becher, Helmut"]
[Black "Temi, Walter"]
[Result "0-1"]
[WhiteElo "2295"]
[BlackElo "2095"]
[PlyCount "82"]
[EventDate "1996.12.27"]

1. d4 Nf6 2. c4 g6 3. Nc3 d5 4. cxd5 Nxd5 5. e4 Nxc3 6. bxc3 Bg7 7. Nf3 c5 8.
Rb1 O-O 9. Qd2 Nd7 10. Bb2 Nb6 11. Be2 Bg4 12. Rd1 Rc8 13. Bc1 Bxf3 14. Bxf3
cxd4 15. cxd4 Qxd4 16. O-O Qxd2 17. Rxd2 Bh6 18. Rdd1 Bxc1 19. Rxc1 Nc4 20. Bg4
e6 21. Rc2 Ne5 22. Bd1 Rxc2 23. Bxc2 Rc8 24. Bb3 Nd3 25. g3 Nc5 26. Bc2 Rd8 27.
Rc1 Kg7 28. Kf1 Rd4 29. f3 Rd2 30. h3 b6 31. h4 h6 32. Kg1 g5 33. hxg5 hxg5 34.
Kf1 Kf6 35. Kg1 Ke5 36. Bb3 a5 37. Rc3 Kd4 38. Rc4+ Ke3 39. Rc3+ Rd3 40. Rc1
Nxb3 41. axb3 Rxb3 0-1

[Event "I Weekend"]
[Site "Novara ITA"]
[Date "1996.12.??"]
[Round "6"]
[White "Pax, Horst"]
[Black "Moncelli, Giorgio"]
[Result "1-0"]
[WhiteElo "2180"]
[BlackElo "2145"]
[PlyCount "77"]
[EventDate "1996.12.27"]

1. e4 c6 2. d4 d5 3. Nc3 dxe4 4. Nxe4 Bf5 5. Ng3 Bg6 6. h4 h6 7. Nf3 Nd7 8. h5
Bh7 9. Bd3 Bxd3 10. Qxd3 Qc7 11. Bd2 Ngf6 12. O-O-O O-O-O 13. Ne4 e6 14. g3
Nxe4 15. Qxe4 Nf6 16. Qe2 Bd6 17. c4 c5 18. Bc3 Rhe8 19. dxc5 Qxc5 20. Be5 Bxe5
21. Nxe5 Rxd1+ 22. Rxd1 Qc7 23. g4 Rd8 24. f3 Rxd1+ 25. Kxd1 a6 26. b3 Kd8 27.
Qd2+ Ke8 28. Qd4 Ke7 29. b4 Ne8 30. Kc2 Nf6 31. Kb3 b5 32. cxb5 axb5 33. Qc5+
Qxc5 34. bxc5 Nd5 35. Nc6+ Kd7 36. Nd4 Nc7 37. Kb4 g5 38. c6+ Ke7 39. Nxb5 1-0

[Event "I Weekend"]
[Site "Novara ITA"]
[Date "1996.12.??"]
[Round "7"]
[White "Pagnoncelli, Marco"]
[Black "Moncelli, Giorgio"]
[Result "1/2-1/2"]
[WhiteElo "2105"]
[BlackElo "2145"]
[PlyCount "62"]
[EventDate "1996.12.27"]

1. e4 d6 2. d4 Nf6 3. Nc3 g6 4. f3 Bg7 5. Be3 c6 6. Nge2 b5 7. a3 Nbd7 8. g3
Bb7 9. Bg2 a5 10. O-O O-O 11. Qd2 Nb6 12. b3 a4 13. h3 axb3 14. cxb3 Ra5 15.
Ra2 Qa8 16. Nb1 Nfd7 17. f4 c5 18. Nec3 b4 19. Nb5 Bc6 20. Nc7 Qa7 21. d5 Ba8
22. Nxa8 Rxa8 23. a4 Nxa4 24. Rxa4 Rxa4 25. bxa4 Qxa4 26. e5 Nb6 27. Rc1 Qb3
28. Bf1 Ra2 29. Qd3 Qb2 30. Qd2 Qb3 31. Qd3 Qb2 1/2-1/2

[Event "I Weekend"]
[Site "Novara ITA"]
[Date "1996.12.??"]
[Round "7"]
[White "Pax, Horst"]
[Black "Berra, Davide"]
[Result "1/2-1/2"]
[WhiteElo "2180"]
[BlackElo "1986"]
[PlyCount "29"]
[EventDate "1996.12.27"]

1. e4 e6 2. d4 d5 3. Nc3 Bb4 4. e5 c5 5. a3 Bxc3+ 6. bxc3 Ne7 7. Qg4 Qc7 8. Bd3
cxd4 9. Ne2 dxc3 10. Qxg7 Rg8 11. Qxh7 Nbc6 12. Bf4 Bd7 13. Bg3 O-O-O 14. O-O
Rdf8 15. Qh4 1/2-1/2

[Event "I Weekend"]
[Site "Novara ITA"]
[Date "1996.12.??"]
[Round "7"]
[White "Scotti, Umberto"]
[Black "Becher, Helmut"]
[Result "1-0"]
[WhiteElo "2155"]
[BlackElo "2295"]
[PlyCount "77"]
[EventDate "1996.12.27"]

1. e4 d5 2. exd5 Nf6 3. d4 Nxd5 4. Nf3 g6 5. Bc4 Bg7 6. O-O O-O 7. c3 c6 8. Re1
Nd7 9. Bg5 N7f6 10. Nbd2 Bf5 11. Bh4 h6 12. Bg3 Re8 13. Be5 Nb6 14. Bb3 Nbd7
15. Nh4 e6 16. Nxf5 exf5 17. Nc4 Nxe5 18. Nxe5 Nd5 19. Qf3 Bxe5 20. dxe5 Nc7
21. Rad1 Qe7 22. g3 Rad8 23. Rxd8 Rxd8 24. Qe3 Kg7 25. Qxa7 Rd2 26. Qxb7 Qc5
27. Rf1 Qxe5 28. Qxc6 Rxb2 29. Qc4 Ne6 30. Rd1 h5 31. Qd3 Qc5 32. Qe3 Qe7 33.
Re1 Qg5 34. f4 Qd8 35. Bxe6 fxe6 36. Qxe6 h4 37. a4 Qa8 38. Qe7+ Kh6 39. Qxh4+
1-0

[Event "I Festival A"]
[Site "Sorrento ITA"]
[Date "1996.12.??"]
[Round "?"]
[White "Evangelisti, Claudio R."]
[Black "Naumkin, Igor"]
[Result "0-1"]
[WhiteElo "2265"]
[BlackElo "2430"]
[PlyCount "50"]
[EventDate "1996.12.27"]

1. e3 e5 2. c4 Nf6 3. Nc3 Bb4 4. Nge2 O-O 5. a3 Bxc3 6. Nxc3 d5 7. cxd5
Nxd5 8. Qc2 Kh8 9. d3 Nc6 10. Be2 Nxc3 11. Qxc3 Qg5 12. O-O Bh3 13. Bf3
Rae8 14. Kh1 Bd7 15. b4 f5 16. Be2 f4 17. b5 Ne7 18. a4 c6 19. Qc5 Nf5 20.
Bd2 Rf6 21. Bf3 Rh6 22. exf4 Qh4 23. h3 Nd4 24. fxe5 Bxh3 25. Bxh6 Bg4+
0-1

[Event "I Festival A"]
[Site "Sorrento ITA"]
[Date "1996.12.??"]
[Round "?"]
[White "Evangelisti, Claudio R."]
[Black "Nurkic, Sahbaz"]
[Result "0-1"]
[WhiteElo "2265"]
[BlackElo "2405"]
[PlyCount "14"]
[EventDate "1996.12.27"]

1. d4 g6 2. Nf3 Bg7 3. c4 Nf6 4. Nc3 O-O 5. e4 d6 6. d5 e6 7. Bd3 exd5 8.
cxd5 Re8 9. O-O Bg4 10. Re1 Nbd7 11. h3 Bxf3 12. Qxf3 Ne5 13. Qd1 c6 14.
Bf1 c5 15. a4 Re7 16. Bf4 h6 17. Bh2 g5 18. Nb5 a6 19. Na3 Nfd7 20. Nc2 Nf8
21. Ne3 Nfg6 22. Nf5 Rd7 23. g3 Ne7 24. Nxg7 Kxg7 25. f4 N5g6 26. Qc2 Ng8
27. Rad1 Qf6 28. Qf2 Re8 29. a5 Qd8 30. Qd2 Qf6 31. Bg2 Kf8 32. Rf1 gxf4
33. gxf4 Nh4 34. Bg3 Nxg2 35. Qxg2 Qg6 36. f5 Qg5 37. Rde1 Nf6 38. Rf4 Rde7
39. Kh1 c4 40. Rh4 Rd7 41. Qf2 h5 42. Bf4 Qg7 43. Qb6 Nxe4 44. Rxe4 Rxe4
45. Bxd6+ Ree7 46. Bxe7+ Rxe7 47. Qc5 Qg3 48. Rxc4 Qxh3+ 49. Kg1 Qxf5 50.
Qc8+ Qxc8 51. Rxc8+ Kg7 52. d6 Rd7 53. Rc7 Rxd6 54. Rxb7 Kf6 55. b4 Ke6 56.
b5 axb5 57. Rxb5 f5
0-1

[Event "XVII Memorial Edoardo Crespi A"]
[Site "Milano ITA"]
[Date "1996.12.15"]
[Round "1"]
[White "Caruso, Daniele"]
[Black "Bemporad, Filippo"]
[Result "1-0"]
[WhiteElo "2155"]
[BlackElo "1900"]
[PlyCount "97"]
[EventDate "1996.12.15"]

1.e4 c5 2.Nf3 d6 3.Bb5+ Bd7 4.Bxd7+ Nxd7 5.O-O Ngf6 6.Qe2 Qc7 7.c4 g6 8.b3
Bg7 9.Bb2 O-O 10.d4 e6 11.Nc3 a6 12.Rfd1 Rad8 13.Rac1 Nb8 14.h3 Nc6 15.d5 
Nd4 16.Nxd4 cxd4 17.Rxd4 Nh5 18.Rdd1 Nf4 19.Qf3 e5 20.Ne2 Nxe2+ 21.Qxe2 f5
22.f3 Rf7 23.Bc3 Rdf8 24.Bd2 f4 25.Be1 g5 26.Bf2 h5 27.c5 g4 28.cxd6 Qd8 
29.Rc7 gxh3 30.Rxf7 Rxf7 31.gxh3 Qxd6 32.Rc1 Bf6 33.Kh2 Kh7 34.Qc4 Bd8 35.
Qc5 Qf6 36.Qc8 Rg7 37.Qc2 Qd6 38.Bc5 Qf6 39.Rg1 Rg3 40.Rxg3 fxg3+ 41.Kg2 
h4 42.Be3 Qd6 43.Qc8 Qe7 44.Qf5+ Kg8 45.Qg6+ Kh8 46.d6 Qd7 47.Qh5+ Kg8 48.
Qxe5 Qc6 49.Qe6+ 1-0

[Event "XVII Memorial Edoardo Crespi A"]
[Site "Milano ITA"]
[Date "1996.12.15"]
[Round "1"]
[White "Cazzaniga, Walter"]
[Black "Rossi, Giampiero"]
[Result "1/2-1/2"]
[WhiteElo "2235"]
[BlackElo "2105"]
[PlyCount "101"]
[EventDate "1996.12.15"]

1.d4 d5 2.c4 e6 3.Nc3 Nf6 4.Bg5 Nbd7 5.e3 c6 6.cxd5 exd5 7.Bd3 Be7 8.Qc2 
O-O 9.O-O-O Re8 10.Nf3 Nf8 11.Rdg1 Ne4 12.Bxe7 Qxe7 13.Bxe4 dxe4 14.Nd2 f5
15.g4 fxg4 16.Ndxe4 Be6 17.Rg3 Bxa2 18.Nxa2 Qxe4 19.Qxe4 Rxe4 20.Nc3 Re7 
21.Rxg4 Rae8 22.Rhg1 g6 23.h4 Re6 24.h5 Kg7 25.Kd2 Rf6 26.f4 Rf5 27.hxg6 
hxg6 28.e4 Rh5 29.f5 Rh2+ 30.Kd3 Rxb2 31.Rxg6+ Nxg6 32.Rxg6+ Kh7 33.e5 Rg8
34.Rxg8 Kxg8 35.e6 Rf2 36.Ne4 Rf3+ 37.Ke2 Rxf5 38.e7 Kf7 39.Nd6+ Kxe7 40.
Nxf5+ Ke6 41.Ne3 b6 42.Kd3 c5 43.d5+ Ke5 44.Kc4 a6 45.Ng4+ Kd6 46.Ne3 b5+ 
47.Kc3 Ke5 48.Kb3 a5 49.Ka3 a4 50.Kb2 b4 51.Ka2 1/2-1/2

[Event "XVII Memorial Edoardo Crespi A"]
[Site "Milano ITA"]
[Date "1996.12.15"]
[Round "1"]
[White "Facchetti, Gianni"]
[Black "Nurkic, Sahbaz"]
[Result "0-1"]
[WhiteElo "2170"]
[BlackElo "2405"]
[PlyCount "86"]
[EventDate "1996.12.15"]

1.e4 g6 2.Nf3 Bg7 3.d3 e5 4.Be2 Ne7 5.h4 h5 6.Nbd2 c6 7.Nf1 d5 8.Ng3 Nd7 
9.c3 Nf8 10.Ng5 Ne6 11.Nxe6 Bxe6 12.Bg5 Qb6 13.Qc2 Ng8 14.Nf1 Nf6 15.Be3 
Qc7 16.f3 Nd7 17.Nd2 f5 18.a4 Bf6 19.a5 a6 20.Bf2 O-O-O 21.Qa4 g5 22.b4 
gxh4 23.Bxh4 Bxh4+ 24.Rxh4 Nf6 25.O-O-O Qg7 26.exf5 Bxf5 27.Bf1 Qg5 28.Rh1
Qe3 29.Qc2 c5 30.bxc5 Kb8 31.Kb2 Rc8 32.Nb3 Nd7 33.Qd2 Qxd2+ 34.Rxd2 Nxc5 
35.Ka3 Nxb3 36.Kxb3 d4 37.c4 h4 38.Be2 Kc7 39.Bd1 b6 40.axb6+ Kxb6 41.Ka3 
Rc5 42.Ba4 Kc7 43.Kb3 Rb8+ 0-1

[Event "XVII Memorial Edoardo Crespi A"]
[Site "Milano ITA"]
[Date "1996.12.15"]
[Round "1"]
[White "Hitzgerova, Gabriela"]
[Black "Vujovic, Milorad"]
[Result "0-1"]
[WhiteElo "2125"]
[BlackElo "2310"]
[PlyCount "108"]
[EventDate "1996.12.15"]

1.e4 c6 2.d4 Na6 3.Nf3 g6 4.Be2 Bg7 5.O-O Nc7 6.c4 d6 7.Nc3 Nf6 8.h3 Nd7 
9.Be3 e5 10.Qc2 Qe7 11.Rad1 O-O 12.Rd2 h6 13.dxe5 dxe5 14.a3 Ne6 15.b4 f5 
16.Rdd1 f4 17.Bc1 Nd4 18.Qa2 g5 19.Rfe1 h5 20.Nb1 Nxf3+ 21.Bxf3 Nf6 22.Rd3
Be6 23.Nd2 g4 24.hxg4 hxg4 25.Bd1 Kf7 26.Bb3 Rad8 27.Rxd8 Rxd8 28.c5 Bxb3 
29.Qxb3+ Kg6 30.Nc4 Rh8 31.Nd6 Bf8 32.Kf1 Qh7 33.Bb2 Bxd6 34.cxd6 Qh5 35.
Rd1 f3 36.gxf3 gxf3 37.Ke1 Qg4 38.Kd2 Qf4+ 39.Kc2 Qxe4+ 40.Qd3 Kf5 41.Re1 
Qxd3+ 42.Kxd3 e4+ 43.Kc4 Rh4 44.Bxf6 Kxf6 45.Kd4 Rh2 46.Kxe4 Rxf2 47.Kd4 
Re2 48.d7 Ke7 49.Rg1 Ra2 50.Ke4 Rxa3 51.Rd1 Kd8 52.Ke5 Rb3 53.Ke6 Re3+ 54.
Kd6 Re7 0-1

[Event "XVII Memorial Edoardo Crespi A"]
[Site "Milano ITA"]
[Date "1996.12.15"]
[Round "1"]
[White "Luppi, Sergio"]
[Black "Barberi, Alessandro"]
[Result "1/2-1/2"]
[WhiteElo "1985"]
[BlackElo "2220"]
[PlyCount "55"]
[EventDate "1996.12.15"]

1.Nf3 g6 2.d4 Nf6 3.g3 Bg7 4.b3 c5 5.Bb2 O-O 6.Bg2 cxd4 7.Nxd4 d5 8.O-O 
Nc6 9.Nd2 Qd6 10.N2f3 Ne4 11.Qc1 Bg4 12.Nxc6 Bxb2 13.Nxe7+ Qxe7 14.Qxb2 
Rac8 15.Rfe1 Nc3 16.Nd4 Qf6 17.e3 h5 18.h4 Rfd8 19.a4 Ne2+ 20.Kh2 Nxd4 21.
Qxd4 Qxd4 22.exd4 Rxc2 23.Kg1 Be6 24.Rac1 Rdc8 25.Rxc2 Rxc2 26.Re5 Rc1+ 
27.Kh2 Rc2 28.Kg1 1/2-1/2

[Event "XVII Memorial Edoardo Crespi A"]
[Site "Milano ITA"]
[Date "1996.12.15"]
[Round "1"]
[White "Mrdja, Milan"]
[Black "Murgia, Andrea"]
[Result "1-0"]
[WhiteElo "2455"]
[BlackElo "2175"]
[PlyCount "73"]
[EventDate "1996.12.15"]

1.e4 e5 2.Nf3 Nc6 3.Bb5 a6 4.Ba4 d6 5.c3 Bd7 6.d4 Nf6 7.Nbd2 exd4 8.cxd4 
Be7 9.O-O O-O 10.h3 Re8 11.a3 Bf8 12.Bc2 g6 13.Re1 Bg7 14.b4 h6 15.Nf1 Kh8
16.Ng3 Ng8 17.Bb2 Nce7 18.Qd2 d5 19.e5 Qc8 20.Nh2 Nf5 21.Nxf5 Bxf5 22.Bxf5
Qxf5 23.Nf1 Ne7 24.g4 Qd7 25.f4 c6 26.Ne3 Rg8 27.Re2 h5 28.Rf1 Bh6 29.g5 
Bg7 30.f5 gxf5 31.Rff2 f4 32.Rxf4 Ng6 33.Nf5 Nxf4 34.Qxf4 Kh7 35.Qf3 Rh8 
36.Nxg7 Kxg7 37.Qf6+ 1-0

[Event "XVII Memorial Edoardo Crespi A"]
[Site "Milano ITA"]
[Date "1996.12.15"]
[Round "1"]
[White "Podini, Francesco"]
[Black "Valenti, Giuseppe"]
[Result "0-1"]
[WhiteElo "1884"]
[BlackElo "2215"]
[PlyCount "66"]
[EventDate "1996.12.15"]

1.c4 c5 2.Nc3 Nf6 3.g3 e6 4.Bg2 d5 5.cxd5 exd5 6.d3 Be6 7.Bg5 Be7 8.Nf3 
Nc6 9.O-O O-O 10.d4 b6 11.Ne5 Rc8 12.Nxc6 Rxc6 13.Qa4 Qd7 14.e3 h6 15.Bxf6
Bxf6 16.Ne2 Rd8 17.Rac1 Rdc8 18.Rfd1 cxd4 19.Rxc6 Qxc6 20.Qxc6 Rxc6 21.
exd4 Rc2 22.Nc3 Rxb2 23.Bxd5 Bxd5 24.Nxd5 Rxa2 25.Nxf6+ gxf6 26.d5 Kf8 27.
Kg2 Ke7 28.d6+ Kd7 29.h4 b5 30.Rd5 a6 31.Rh5 b4 32.Rxh6 b3 33.Rh8 Ra5 0-1

[Event "XVII Memorial Edoardo Crespi A"]
[Site "Milano ITA"]
[Date "1996.12.15"]
[Round "1"]
[White "Vismara, Daniele"]
[Black "Lanzani, Mario"]
[Result "1/2-1/2"]
[WhiteElo "2155"]
[BlackElo "2355"]
[PlyCount "20"]
[EventDate "1996.12.15"]

1.e4 e6 2.d4 d5 3.e5 c5 4.c3 Qb6 5.Nf3 Bd7 6.a3 cxd4 7.cxd4 Bb5 8.Bxb5+ 
Qxb5 9.Nc3 Qc4 10.Be3 Nc6 1/2-1/2

[Event "XVII Memorial Edoardo Crespi A"]
[Site "Milano ITA"]
[Date "1996.12.16"]
[Round "2"]
[White "Barberi, Alessandro"]
[Black "Cazzaniga, Walter"]
[Result "1/2-1/2"]
[WhiteElo "2220"]
[BlackElo "2235"]
[PlyCount "62"]
[EventDate "1996.12.15"]

1.d4 Nf6 2.c4 g6 3.Nc3 Bg7 4.g3 d6 5.Bg2 O-O 6.e4 e5 7.Nge2 c6 8.O-O Nbd7 
9.b3 exd4 10.Nxd4 Re8 11.Bf4 Nc5 12.Re1 a5 13.h3 Nh5 14.Be3 Nf6 15.Qc2 Qe7
16.Rad1 Bd7 17.Bf4 Nh5 18.Bc1 f5 19.Kh2 f4 20.gxf4 Rf8 21.f5 Be5+ 22.Kg1 
Qf6 23.Nce2 gxf5 24.Nxf5 Bxf5 25.exf5 Qxf5 26.Qxf5 Rxf5 27.f4 Nxf4 28.Nxf4
Bxf4 29.Bxf4 Rxf4 30.Rxd6 Raf8 31.Rd2 Kg7 1/2-1/2

[Event "XVII Memorial Edoardo Crespi A"]
[Site "Milano ITA"]
[Date "1996.12.16"]
[Round "2"]
[White "Bemporad, Filippo"]
[Black "Facchetti, Gianni"]
[Result "0-1"]
[WhiteElo "1900"]
[BlackElo "2170"]
[PlyCount "46"]
[EventDate "1996.12.15"]

1.d4 Nf6 2.c4 e5 3.dxe5 Ng4 4.Nf3 Nc6 5.e3 Ngxe5 6.Be2 d6 7.O-O Be7 8.Nc3 
O-O 9.b3 Re8 10.Bb2 Nxf3+ 11.Bxf3 Ne5 12.Be4 Bf8 13.f4 Ng4 14.Qd3 Qh4 15.
h3 Nh6 16.Bf3 c6 17.Rae1 Bd7 18.Bd1 Bxh3 19.gxh3 Qg3+ 20.Kh1 Qxh3+ 21.Kg1 
Qg3+ 22.Kh1 Re6 23.f5 Ng4 0-1